000 00745nam a22002890a 4500
001 PT40119
003 AR-LpoUNG
005 20250227145030.0
008 191001s2006||||ag |||||||||||||||||spa d
020 _a9789870400660
_c$6.60
040 _aAR-LpoUNG
_bspa
_cAR-LpoUNG
_eaacr
041 0 _aspa
044 _aag
082 0 _a808.068 3 339ins
100 1 _aMariño, Ricardo
245 1 3 _aEl insoportable
250 _a2da. ed., 7ma. reimpr.
260 _aBuenos Aires :
_bAlfaguara,
_c2006.
300 _a70 p. :
_bil.
505 0 _aSugerido a partir de 8 años (etiqueta CELESTE)
650 4 _aCUENTOS
650 4 _aLITERATURA
653 0 _aLITERATURA INFANTIL
700 1 _aHuadi
_eil.
905 _a40119
942 _cLIB
_2ddc
999 _c5648
_d5648